01904na a2200361 450000100060000000300080000600500170001400800410003104000250007204100080009708200280010509000190013311000530015224501200020524600370032526000380036230000290040044000500042950504010047961000310088065000200091165000410093165000160097274001350098874000690112374000930119274000530128574000370133883000190137594200130139495201200140799900150152720928MIRAKIL20181213154841.0170129b tu 000 0  aMilasbturcTR-AnCHP atur aCHP 351.72bC3635s 2010 aBROŞÜR 275 aCumhuriyet Halk Partisi (CHP)bGenel Merkez (GM) aSayışatayın siyasallaştırılması ve bağımsız denetimin tasfiyesicCumhuriyet Halk Partisi Genel Merkezi aBağımsız denetimin tasfiyesi aAnkarab[CHP]c2010fGenç Ofset a13 s.brnk. res.c21 sm. aCumhuriyet Halk Partisi yayınlarıpRaporlar a1. AKP sayıştay denetiminden neden hoşlanmaz? - 2. Sayıştayın siyasallaştırılması -- 3. Sayıştayın INTOSAI denetim standartlarına göre denetim yapmasının engellenmesi - 4. Sayıştay'ın performans denetimi yetkisinin elinden alınması - 5. Sayıştayın yaptığı performans denetimlerine ilişkin raporların sayıştay başkanı tarafından sümenaltı edilmesi aCHPxRaporlarySayıştay aHukuk ve yasama aMali denetimxSayıştayzTürkiye aSayıştay aSayıştayın yaptığı performans denetimlerine ilişkin raporların sayıştay başkanı tarafından sümenaltı edilmesi aSayıştayın performans denetimi yetkisinin elinden alınması aSayıştayın INTOSAI denetim standartlarına göre denetim yapmasının engellenmesi  aAKP sayıştay denetiminden neden hoşlanmaz?  aBağımsız denetimin tasfiyesi aCHP raporları 2dcccBKS 51a0001b0001d2017-01-29e2f BROŞÜRLERl0oBROŞÜR 275p013167r2017-01-29 00:00:00tk.10w2017-01-29yVIS c1983d1983